000
00246nam a2200109Ia 4500
008
220204s9999 xx 000 0 und d
082
_a
82-3
_b
SHA
100
_a
R T
245
0
_a
Sethji
260
_a
New Delhi
_b
Arnold Heinemann
_c
1977
942
_c
BK
999
_c
32282
_d
32282